A que no me alcanzas! = (Record no. 19429)

MARC details
000 -LEADER
fixed length control field 01984pam a2200577 a 4500
001 - CONTROL NUMBER
control field sjds1093351
003 - CONTROL NUMBER IDENTIFIER
control field sjds
005 - DATE AND TIME OF LATEST TRANSACTION
control field 20200722102729.0
008 - FIXED-LENGTH DATA ELEMENTS--GENERAL INFORMATION
fixed length control field 060313s2007 flua j 000 1 eng
010 ## - LIBRARY OF CONGRESS CONTROL NUMBER
LC control number 2006008694
020 ## - INTERNATIONAL STANDARD BOOK NUMBER
International Standard Book Number 0152059644
020 ## - INTERNATIONAL STANDARD BOOK NUMBER
International Standard Book Number 9780152059644
020 ## - INTERNATIONAL STANDARD BOOK NUMBER
International Standard Book Number 0152059679
020 ## - INTERNATIONAL STANDARD BOOK NUMBER
International Standard Book Number 9780152059675
035 ## - SYSTEM CONTROL NUMBER
System control number 332046
035 ## - SYSTEM CONTROL NUMBER
System control number (OCoLC)65064254
035 ## - SYSTEM CONTROL NUMBER
System control number 332046
040 ## - CATALOGING SOURCE
Original cataloging agency DLC
Transcribing agency DLC
Modifying agency IG#
-- BAKER
-- BTCTA
-- DPL
-- UtOrBLW
041 1# - LANGUAGE CODE
Language code of text/sound track or separate title eng
-- spa
Language code of original eng
049 ## - LOCAL HOLDINGS (OCLC)
Holding library IFAA
099 ## - LOCAL FREE-TEXT CALL NUMBER (OCLC)
Classification number ESPANOL EASY READERS MOST
100 1# - MAIN ENTRY--PERSONAL NAME
Personal name Most, Bernard,
Relator term author.
245 12 - TITLE STATEMENT
Title A que no me alcanzas! =
Remainder of title Catch me if you can! /
Statement of responsibility, etc. Bernard Most ; [translated by F. Isabel Campoy y Alma Flor Ada].
246 31 - VARYING FORM OF TITLE
Title proper/short title A que no me alcanzas
246 31 - VARYING FORM OF TITLE
Title proper/short title Catch me if you can!
250 ## - EDITION STATEMENT
Edition statement First Green Light Readers/Colección Luz Verde edition.
260 ## - PUBLICATION, DISTRIBUTION, ETC. (IMPRINT)
Place of publication, distribution, etc. Orlando, Fla. :
Name of publisher, distributor, etc. Harcourt,
Date of publication, distribution, etc. 2007.
264 #1 - PRODUCTION, PUBLICATION, DISTRIBUTION, MANUFACTURE, AND COPYRIGHT NOTICE
Place of production, publication, distribution, manufacture Orlando, Fla. :
Name of producer, publisher, distributor, manufacturer Harcourt,
Date of production, publication, distribution, manufacture, or copyright notice 2007.
300 ## - PHYSICAL DESCRIPTION
Extent 1 volume (unpaged) :
Other physical details color illustrations ;
Dimensions 23 cm.
336 ## - CONTENT TYPE
Content type term text
Content type code txt
Source rdacontent
337 ## - MEDIA TYPE
Media type term unmediated
Media type code n
Source rdamedia
338 ## - CARRIER TYPE
Carrier type term volume
Carrier type code nc
Source rdacarrier
490 1# - SERIES STATEMENT
Series statement Green light readers. Level 2
490 1# - SERIES STATEMENT
Series statement Colección Luz Verde. Nivel 2
520 ## - SUMMARY, ETC.
Summary, etc. A little dinosaur is not afraid of the biggest dinosaur of them all for a very special reason.
521 0# - TARGET AUDIENCE NOTE
Target audience note 1.0.
521 1# - TARGET AUDIENCE NOTE
Target audience note 005-007.
521 1# - TARGET AUDIENCE NOTE
Target audience note D-E.
521 2# - TARGET AUDIENCE NOTE
Target audience note 9-10.
521 8# - TARGET AUDIENCE NOTE
Target audience note AD 60
Source Lexile
526 0# - STUDY PROGRAM INFORMATION NOTE
Program name Accelerated Reader
Interest level LG
Reading level 1.7
Title point value 0.5
Public note 36423
650 #0 - SUBJECT ADDED ENTRY--TOPICAL TERM
Topical term or geographic name as entry element Dinosaurs
Form subdivision Juvenile fiction.
650 #0 - SUBJECT ADDED ENTRY--TOPICAL TERM
Topical term or geographic name as entry element Grandfathers
Form subdivision Juvenile fiction.
650 #7 - SUBJECT ADDED ENTRY--TOPICAL TERM
Topical term or geographic name as entry element Dinosaurios
Form subdivision Novela juvenil.
Source of heading or term bidex
650 #7 - SUBJECT ADDED ENTRY--TOPICAL TERM
Topical term or geographic name as entry element Abuelos (Hombres)
Form subdivision Novela juvenil.
Source of heading or term bidex
700 12 - ADDED ENTRY--PERSONAL NAME
Personal name Most, Bernard.
Title of a work Catch me if you can!
Language of a work Spanish.
700 12 - ADDED ENTRY--PERSONAL NAME
Personal name Most, Bernard.
Title of a work Catch me if you can!
Language of a work English.
830 #0 - SERIES ADDED ENTRY--UNIFORM TITLE
Uniform title Green Light reader.
Number of part/section of a work Level 2.
830 #0 - SERIES ADDED ENTRY--UNIFORM TITLE
Uniform title Green Light reader.
Number of part/section of a work Level 2.
Language of a work Spanish.
942 ## - ADDED ENTRY ELEMENTS (KOHA)
Koha item type Libro/Book
Source of classification or shelving scheme Dewey Decimal Classification
Holdings
Withdrawn status Lost status Damaged status Not for loan Home library Current library Date acquired Inventory number Total Checkouts Barcode Date last seen Price effective from Koha item type Date checked out Full call number
        Genizero -- Satellite Genizero -- Satellite 28/03/2017 Inventory date: 7/7/25   35600861 28/03/2017 28/03/2017 Libro/Book    
        La Puerta Biblioteca -- Satellite La Puerta Biblioteca -- Satellite 09/04/2018   7 40301515 17/01/2026 09/04/2018 Libro/Book 07/04/2025  
        Las Brisas 2 -- Satellite Las Brisas 2 -- Satellite 16/04/2018 Inventory date: 7/4/25   40101514 16/04/2018 16/04/2018 Libro/Book   JI
        Las Brisas 2 -- Satellite Las Brisas 2 -- Satellite 22/07/2020     40102202 22/07/2020 22/07/2020 Libro/Book   JI
        Monte Cristo -- Satellite Monte Cristo -- Satellite 16/04/2018   1 40201510 22/02/2022 16/04/2018 Libro/Book 07/05/2021  

Powered by Koha